Central Library OPAC University of Rajshahi

দিনাজপুরের রাজনৈতিক আন্দোলনের ইতিহাস : (Record no. 37947)

MARC details
000 -LEADER
fixed length control field 00964nam a2200229 a 4500
001 - CONTROL NUMBER
control field 37947
003 - CONTROL NUMBER IDENTIFIER
rucl marc code BD-RjUL
005 - DATE AND TIME OF LATEST TRANSACTION
control field 20211209052708.0
008 - FIXED-LENGTH DATA ELEMENTS--GENERAL INFORMATION
fixed length control field 161108s1965 bg ||||| |||| 001 0 ben d
035 ## - SYSTEM CONTROL NUMBER
System control number (BD-RjUL)38052
040 ## - CATALOGING SOURCE
Original cataloging agency BD-RjUL
Language of cataloging ben
Transcribing agency BD-RjUL
Modifying agency BD-RjUL
041 ## - LANGUAGE CODE
Language code of text/sound track or separate title ben
082 ## - DEWEY DECIMAL CLASSIFICATION NUMBER
Classification number 954.924
Author mark and year ALD 1965
Edition number 23
100 ## - MAIN ENTRY--PERSONAL NAME
Personal name আলী, মেহরাব
9 (RLIN) 127382
245 10 - TITLE STATEMENT
Title দিনাজপুরের রাজনৈতিক আন্দোলনের ইতিহাস :
Remainder of title [১৭৫৭-১৯৪৭] /
Statement of responsibility, etc. মেহরাব আলী,
250 ## - EDITION STATEMENT
Edition statement সং.
260 ## - PUBLICATION, DISTRIBUTION, ETC. (IMPRINT)
Place of publication, distribution, etc. দিনাজপুর :
Name of publisher, distributor, etc. মেহরাব আলী,
Date of publication, distribution, etc. ১৯৬৫
300 ## - PHYSICAL DESCRIPTION
Pagination [১৪], ১৮৪ পৃ. ;
Size ২১ সেমি.
650 ## - SUBJECT ADDED ENTRY--TOPICAL TERM
Topical term or geographic name as entry element ইতিহাস
Geographic subdivision দিনাজপুর
-- (রাজশাহী বিভাগ) বাংলাদেশ
9 (RLIN) 116886
Topical term or geographic name as entry element History
Geographic subdivision Dinajpur
-- (Rajshahi Division) Bangladesh
9 (RLIN) 163079
942 ## - ADDED ENTRY ELEMENTS (KOHA)
Source of classification or shelving scheme Dewey Decimal Classification
Koha item type Books
Holdings
Lost status Source of classification or shelving scheme Damaged status Not for loan Collection code Permanent Location Current Location Shelving location Date acquired Source of acquisition Cost, normal purchase price Total Checkouts Full call number Date last seen Copy number Koha item type
  Dewey Decimal Classification     Non-fiction Central Library, University of Rajshahi Central Library, University of Rajshahi   29/12/1965 Author 4.00   B 954.924 ALD 1965 08/11/2016 C-2 Books
  Dewey Decimal Classification     Non-fiction Central Library, University of Rajshahi Central Library, University of Rajshahi   29/12/1965 Author 4.00   B 954.924 ALD 1965 08/11/2016 C-3 Books
  Dewey Decimal Classification   Not For Loan Non-fiction Central Library, University of Rajshahi Central Library, University of Rajshahi Reading Room 23/12/1965 Dhaka paragon enterprises ltd. 4.00   B 954.924 ALD 1965 09/03/2017 C-1 Books